| 000 | 004480000a22001690004500 | ||
|---|---|---|---|
| 041 | 0 | _aSPA | |
| 082 | 0 | 4 | _aG 400 S259c |
| 100 | 1 | _aSaussure, Ferdinand de | |
| 245 | 1 | 0 | _aCurso de lingüística general / Ferdinand de Saussure ; Amado Alonso, Traducción |
| 260 | _a[S.L.] | ||
| 300 | _a378 Pag | ||
| 001 | 10201 | ||
| 942 | _cBK | ||
| 999 |
_c39862 _d39862 |
||
| 336 |
_atexto _btxt _2rdacontent |
||
| 337 |
_2rdamedia _asin mediación _bn |
||
| 338 |
_2rdacarrier _avolumen _bnc |
||